000 01089 a2200265 4500
003 Nust
005 20230127095453.0
010 _a 95046034
020 _a0750697016 (pbk.)
040 _cNust
082 0 0 _a658,SAV
100 1 _aSavage, Charles M.
_9107850
245 1 0 _aFifth generation management :
_bco-creating through virtual enterprising, dynamic teaming, and knowledge networking /
_cCharles M. Savage.
246 3 _aFifth generation management
250 _aRev. ed.
260 _aBoston :
_bButterworth-Heinemann,
_cc1996.
300 _axxv, 341 p. :
_bill. ;
_c24 cm.
505 _a Part One: Five Days that Change the Enterprise (Page-3), Part Two: Co Creating Through Virtual Enterprise Dynamic Teaming and Knowledge Networking (Page-97).
650 0 _aIndustrial management.
650 0 _aOrganization.
_94210
700 1 _aSavage, Charles M.
_9107850
856 4 2 _3Publisher description
_uhttp://www.loc.gov/catdir/description/els032/95046034.html
856 4 2 _3Table of contents
_uhttp://www.loc.gov/catdir/toc/els032/95046034.html
942 _2ddc
_cBK
_k658,SAV
999 _c185973
_d185973